| 000 | 00947nam a2200265Ia 4500 | ||
|---|---|---|---|
| 003 | OSt | ||
| 005 | 20220923211531.0 | ||
| 006 | a|||||r|||| 00| 0 | ||
| 007 | ta | ||
| 008 | 220922b |||||||| |||| 00| 0 hin d | ||
| 020 |
_a9789381721131 (hbk) _c550 |
||
| 024 | _a273,981 | ||
| 037 |
_b138, 04/09/2013, Eastern Book Linkers _cTextual |
||
| 040 |
_aARTS _cARTS _bhin |
||
| 041 |
_2hin _ahin |
||
| 082 | _aO15,1:gN, 152Q3 | ||
| 100 |
_aमेधा कुमारी _9156291 |
||
| 245 | 0 | _aकाव्य हेतु विमर्श | |
| 246 | _aKāvya hetu vimarsha | ||
| 260 |
_aवाराणसी _b कला एंव धर्म शोध संस्थान _c2013 |
||
| 300 |
_a184पृ. _ccm. |
||
| 650 |
_aहिन्दी साहित्य _9156264 |
||
| 942 |
_hO15,1:gN, 152Q3 _cTEXL _2CC |
||
| 999 |
_c300515 _d300515 |
||